• 首页
  • 本馆介绍
  • 公告通知
  • 最新文献
  • 馆藏检索
  • 电子资源
  • 读者导购
  • 参考咨询
  • 我的图书馆
  • 登录
  • 详细信息显示
  • 放入我的书架
  • 预约/预借图书
  • 作者相关作品
  • 分类相关作品
  • 丛书相关作品
  • 出版社相关作品

书目信息

  • 表格格式
  • 工作单格式
  • 卡片格式
题名:
神力的语言
    
 
作者: 弗莱 著 ;吴持哲 译
分册:  
出版信息: 北京   社会科学文献出版社  2004
页数: 351页
开本: 20cm
丛书名: 文学人类学论丛
单 册:
中图分类: I106.99
科图分类:
主题词:
电子资源:
ISBN: 7-80190-234-3
000 01060oam2 2200277 45
001 002728412
005 20070116144739.21
010    @a7-80190-234-3@dCNY25.00
100    @a20040920d2004 emky0chiy0110 ea
101 1  @achi@ceng
102    @aCN@b110000
105    @ay z 000yy
200 1  @a神力的语言@Ashen li de yu yan@dWords with Power@e“圣经与文学”研究续编@E“Sheng Jing Yu Wen Xue”Yan Jiu Xu Bian@f(加)诺思洛普·弗莱著@F(Jia)Nuo Si Luo Pu·Fu Lai Zhu@g吴持哲译
210    @a北京@c社会科学文献出版社@d2004
215    @a351页@d20cm
225 2  @a文学人类学论丛@f叶舒宪主编
330    @a本书以《圣经》与西方文学关系的探索为主,并对语言的“神力”以及人们的感情如何与语言形成密切关系的过程作探讨。 
410    @12001 @a文学人类学论丛
410    @1700 0@a叶舒宪@AYe Shu Xian@4主编
517    @a“圣经与文学”研究续编@A“Sheng Jing Yu Wen Xue”Yan Jiu Xu Bian
605    @a圣经@x文学研究
690    @aI106.99@v4
701  0 @a弗莱@4著
702  0 @a吴持哲@AWu Chi Zhe@4译
801  0 @aCN@bNLC@c20070116
905    @b341435-440@dI106.99@e113@f6
    
    神力的语言=Words with Power:“圣经与文学”研究续编/(加)诺思洛普·弗莱著/吴持哲译.-北京:社会科学文献出版社,2004
    351页;20cm.-(文学人类学论丛/叶舒宪主编)
    
    
    ISBN 7-80190-234-3:CNY25.00
    本书以《圣经》与西方文学关系的探索为主,并对语言的“神力”以及人们的感情如何与语言形成密切关系的过程作探讨。
●
相关链接 在E读中查询图书 在五车中查询图书 在当当中查询图书 在豆瓣中查询图书


正题名:神力的语言     索取号:I106.99/113         预约/预借

序号 登录号 条形码 馆藏地/架位号 状态 备注
1 0341435   203414359   第一样本阅览室/ [索取号:I106.99/113] 在馆    
2 0341436   203414368   第二借阅区/ [索取号:I106.99/113] 在馆    
3 0341437   203414377   第二借阅区/ [索取号:I106.99/113] 在馆    
4 0341438   203414386   第二借阅区/ [索取号:I106.99/113] 在馆    
5 0341439   203414395   第二借阅区/ [索取号:I106.99/113] 在馆    
6 0341440   203414402   第二借阅区/ [索取号:I106.99/113] 在馆    
7 0612496   206124969   第二借阅区/ [索取号:I106.99/113] 在馆    
8 0612497   206124978   第二借阅区/ [索取号:I106.99/113] 在馆    
9 0612498   206124987   第二借阅区/ [索取号:I106.99/113] 在馆    
10 0612499   206124996   第二借阅区/ [索取号:I106.99/113] 在馆    
11 0612500   206125003   第二借阅区/ [索取号:I106.99/113] 在馆    
唐山师范学院图书馆 欢迎您!
大连网信软件有限公司© 版权所有